000 00319nam a2200133Ia 4500
005 20251222143308.0
008 251222s9999||||xx |||||||||||||| ||spa||
020 _a84-493-1367-8
082 _a658.403.8/C75
100 _aCollison, Chris
245 0 _aLa Gestión del Conocimiento:
264 _bPaidós
942 _cLIB
999 _c15587
_d15587